Chemická kinetika /

Gespeichert in:
Bibliographische Detailangaben
1. Verfasser: Treindl, Ľudovít (Verfasst von)
Format: Buch
Sprache:Slowakisch
Veröffentlicht: Bratislava : Slovenské pedagogické nakladateľstvo, 1978
Schlagworte:
Tags: Tag hinzufügen
Keine Tags, Fügen Sie das erste Tag hinzu!

MARC

LEADER 00000nam a22000003a 4500
001 stu43571
005 20150617225721.0
008 941108s1978----cs------------------slo-d
040 |a STU  |b slo 
041 0 |a slo 
044 |a cs 
080 |a 531.1 
080 |a 541.12(075.8) 
100 1 |a Treindl, Ľudovít  |4 aut 
245 1 |a Chemická kinetika /  |c [aut.]Ľudovít Treindl 
260 |a Bratislava :  |b Slovenské pedagogické nakladateľstvo,  |c 1978 
300 |a 291 s 
650 7 |a Kinetika chemická  |2 stusub 
996 |b 284M035733  |c M*2267-1  |l MMKN  |s A  |a 24  |w stu43571_0001 
996 |b 284M035734  |c M*2267-2  |l MMKN  |s A  |a 24  |w stu43571_0002